| 000 | 00710nam a2200205 u 4500 | ||
|---|---|---|---|
| 005 | 20210223131308.0 | ||
| 008 | 100526s2006 ag r 000 0 spa d | ||
| 020 | _a9871283172 | ||
| 035 | _aUPN01000176157 | ||
| 049 | _aCG | ||
| 050 | 4 |
_aQA26 _bO3.4 |
|
| 100 | 1 |
_aOdifreddi, Piergiorgio, _d1950- _930494 |
|
| 245 | 1 | 3 |
_aLa matemática del siglo XX : _bde los conjuntos a la complejidad / _cPiergiorgio Odifreddi ; pról. de Gian Carlo Rota ; tr. por Cecilia Idiarte. |
| 260 |
_aBuenos Aires : _bKatz, _c2006. |
||
| 300 |
_a267 p. : _bfigs. |
||
| 440 | 0 |
_aDifusión ; _v1003 |
|
| 534 |
_pTítulo original: _tThe mathematical century |
||
| 650 | 4 |
_aMATEMATICAS - _xHISTORIA - _ySIGLO XX _916760 |
|
| 905 | _aLibro | ||
| 999 |
_c148260 _d148260 |
||